Riadenie kvality /

Guardado en:
Detalles Bibliográficos
Autor principal: Linczényi, Alexander, 1932- (Autor)
Formato: Libro
Lenguaje:eslovaco
Publicado: Bratislava : STU v Bratislave, 1996
Colección:Edícia skrípt
Etiquetas: Agregar Etiqueta
Sin Etiquetas, Sea el primero en etiquetar este registro!

MARC

LEADER 00000nam a22000003a 4500
001 stu18679
005 20220401153005.9
008 970618s1996----xo------------------slo-d
020 |a 80-227-0886-0 
040 |a STU  |b slo 
041 0 |a slo 
044 |a xo 
080 |a 339.1(075.8) 
100 1 |a Linczényi, Alexander,  |d 1932-  |4 aut  |u M300  |U MTF Ústav priemyselného inžinierstva a manažmentu  |T MTF Katedra inžinierstva kvality  |X 3055  |U M300  |Y M300  |7 A000003055 
245 1 |a Riadenie kvality /  |c [aut.]Linczényi,Alexander 
260 |a Bratislava :  |b STU v Bratislave,  |c 1996 
300 |a 142 s :  |b Tab.,lit 
500 |a (Dočasná vysokoškolská učebnica) 
830 0 |a Edícia skrípt 
996 |b CS52896  |c C*S52896  |l CCXIV  |s P  |a 0  |w stu18679_0001 
996 |b CS52897  |c C*S52897  |l CCXIV  |s P  |a 0  |w stu18679_0002 
996 |b CS52898  |c C*S52898  |l CCXIV  |s P  |a 0  |w stu18679_0003